| 000 | 00000nam 2200000za 4500 |
| 001 | 9.638552 |
| 003 | CaOODSP |
| 005 | 20220325144250 |
| 007 | cr ||||||||||| |
| 008 | 150407|2011||||xxc|||||o f|0| 0 fre d |
| 020 | |a978-1-100-96903-9 |
| 040 | |aCaOODSP|bfre |
| 043 | |an-cn--- |
| 086 | 1 |aIu54-34/2011F-PDF |
| 110 | 1 |aCanada. |bBureau de la concurrence. |
| 245 | 10|aBulletin - guide du Bureau de la concurrence sur la tarification et les normes de service relatives aux fusions et aux services connexes |h[ressource électronique] |
| 260 | |aOttawa - Ontario : |bIndustrie Canada. |c2010. |
| 300 | |a25p.|btableaux |
| 500 | |a"En vigueur depuis le 1er novembre 2010 Cette publication remplace la publication suivante du Bureau de la concurrence : Bulletin — Guide sur la tarification et les normes de service relatives aux fusions, 31 mai 2010" |
| 590 | |a12-09|b2012-03-02 |
| 691 | 07|aFusion|2gcpds |
| 775 | 08|tBulletin - Competition Bureau fees and service standards handbook for mergers and merger-related matters |w(CaOODSP)9.694374 |
| 794 | |tGuide du Bureau de la concurrence sur la tarification et les normes de service relatives aux fusions et aux services connexes |w(CaOODSP)9.640178 |
| 795 | |tBulletin - guide du Bureau de la concurrence sur la tarification et les normes de service relatives aux fusions et aux services connexes |w(CaOODSP)9.638055 |
| 856 | 40|ahttp://publications.gc.ca|qPDF|s482 Ko|uhttps://publications.gc.ca/collections/collection_2012/ic/Iu54-34-2011-fra.pdf |
| 986 | |a60818 |